000 01318nam a2200229Ia 4500
003 Ost
005 20260507075802.0
008 260507s9999||||xx |||||||||||||| ||und||
020 _a9789957325978
040 _cfsecg
041 _aara
082 _a515
100 _aشيخي، محمد
_eمؤلف
245 0 _aطرق الاقتصاد القياسي :
_bمحاضرات وتطبيقات /
_c محمد شيخي
260 _aعمان:
_bدار الحامد للنشر والتوزيع,
_c2020
300 _a435 صفحة؛
_bإيضاحات ؛
_c24 سم
504 _aبيبليوغرافيا: ص ص.417-435
520 _aيضم تحليل الانحدار الخطي البسيط، تحليل الانحدار الخطي العام، مشاكل القياس الاقتصادي اختراق فرضيات النموذج، طرق وتقنيات أخرىفي تحليل الانحدار، مدخل إلى نماذج المعادلات الآنية، أدوات تحليل السلاسل الزمنية، مدخل إلى نماذج VAR مشكل التكامل المشترك، نماذج ARCH وتطبيقاتها المالية، طرق غير خطية في تحليل السلاسل الزمنية.
653 _aالإقتصاد التحليلي
653 _aالاقتصاد الرياضي
942 _cكتاب
999 _c46312
_d46312